[Event "Karlstad op"]
[Site "Karlstad"]
[Date "2024.12.27"]
[Round "1"]
[White "Dyrnes, Jussi"]
[Black "Ronneland, Daniel"]
[Result "0-1"]
[WhiteElo "1816"]
[BlackElo "2220"]
[PlyCount "102"]
[EventDate "2024.12.27"]
[EventType "swiss"]
[EventRounds "8"]
[EventCountry "SWE"]
[SourceTitle "CB01_2025"]
[SourceDate "2025.01.01"]
[SourceVersion "1"]
[SourceVersionDate "2025.01.01"]
[SourceQuality "1"]

1. e4 c5 2. c3 g6 3. Bc4 Bg7 4. f4 Nc6 5. Nf3 e6 6. 0-0 Nge7 7. d4 cxd4 8. cxd4 d5 9. exd5 exd5 10. Bb5 Qb6 11. Nc3 0-0 12. Be3 Bg4 13. Qb3 Bxf3 14. Bxc6 Qxb3 15. axb3 Nxc6 16. gxf3 Bxd4 17. Bxd4 Nxd4 18. Nxd5 Rfd8 19. Nf6+ Kg7 20. Ne4 Nxb3 21. Rad1 Nd4 22. Kf2 a5 23. Rd3 Ne6 24. Rb3 Rd7 25. Ke3 Re8 26. f5 Nc5 27. f6+ Kh6 28. Rb5 Rd5 29. Rb6 Rde5 30. Ra1 Nxe4 31. fxe4 Rxe4+ 32. Kf2 R4e6 33. Rxb7 Rxf6+ 34. Kg3 Re3+ 35. Kg2 Re2+ 36. Kg3 Re5 37. Ra4 Rg5+ 38. Rg4 Rxg4+ 39. Kxg4 Rf2 40. h4 f5+ 41. Kg3 Rc2 42. Rb5 a4 43. Rb4 Kh5 44. Rxa4 Rxb2 45. Ra7 h6 46. Ra5 Rb3+ 47. Kg2 Kxh4 48. Ra6 Kg5 49. Re6 h5 50. Rd6 h4 51. Rc6 Kh5 0-1

[Event "Norrkoeping Easter op"]
[Site "Norrkoeping"]
[Date "2024.03.30"]
[Round "4"]
[White "Bogo, Soren"]
[Black "Dyrnes, Jussi"]
[Result "1-0"]
[WhiteElo "2241"]
[BlackElo "1817"]
[PlyCount "99"]
[EventDate "2024.03.29"]
[EventType "swiss"]
[EventRounds "8"]
[EventCountry "SWE"]
[SourceTitle "CBM 219 Extra"]
[Source "ChessBase"]
[SourceDate "2024.05.31"]
[SourceVersion "1"]
[SourceVersionDate "2024.05.31"]
[SourceQuality "1"]

1. d4 g6 2. c4 Bg7 3. Nc3 d6 4. g3 Nd7 5. Bg2 e6 6. Nf3 h6 7. 0-0 Ne7 8. Qc2 0-0 9. Rd1 a6 10. Rb1 Ra7 11. b3 b6 12. Ba3 Bb7 13. c5 d5 14. cxb6 cxb6 15. Na4 Re8 16. Rbc1 Nc6 17. Qd2 Nf6 18. Rc2 Ne4 19. Qc1 b5 20. Nc5 Nxc5 21. Bxc5 Ra8 22. e3 Rc8 23. Qd2 Kh7 24. Rdc1 f5 25. a4 bxa4 26. bxa4 Bf6 27. Rb1 Qd7 28. Rcb2 Rb8 29. Bf1 g5 30. Qc3 g4 31. Ne5 Bxe5 32. dxe5 Ba8 33. Rxb8 Rxb8 34. Rxb8 Nxb8 35. Bd6 Nc6 36. Bxa6 Qa7 37. Bb5 d4 38. exd4 Nxd4 39. Qc7+ Qxc7 40. Bxc7 Nf3+ 41. Kf1 Nxh2+ 42. Ke2 Kg7 43. Ke3 Nf3 44. a5 Ne1 45. a6 Nc2+ 46. Kd3 Be4+ 47. Kc3 Kf7 48. a7 Na3 49. Bd3 Nb1+ 50. Bxb1 1-0

[Event "Karlstad op"]
[Site "Karlstad"]
[Date "2023.12.27"]
[Round "1"]
[White "Krantz, Christopher"]
[Black "Dyrnes, Jussi"]
[Result "1-0"]
[WhiteElo "2257"]
[BlackElo "1677"]
[PlyCount "83"]
[EventDate "2023.12.27"]
[EventType "swiss"]
[EventRounds "8"]
[EventCountry "SWE"]
[SourceTitle "CBM 217 Extra"]
[Source "ChessBase"]
[SourceDate "2024.01.31"]
[SourceVersion "1"]
[SourceVersionDate "2024.01.31"]
[SourceQuality "1"]

1. d4 g6 2. Nf3 Bg7 3. e3 d6 4. Be2 Nd7 5. 0-0 b6 6. b3 Bb7 7. Bb2 e6 8. c4 Ne7 9. Nc3 0-0 10. Qc2 d5 11. cxd5 exd5 12. Rfd1 Rc8 13. Rac1 a6 14. Bf1 Nf6 15. Ne5 Nf5 16. Ne2 c5 17. dxc5 Rxc5 18. Qb1 Re8 19. Qa1 Qc7 20. Nd3 Rxc1 21. Rxc1 Qe7 22. h3 Ne4 23. Bxg7 Nxg7 24. Nc3 Nf5 25. Nxe4 Qxe4 26. Qb2 a5 27. Qd2 Qe7 28. Nf4 Rd8 29. Ne2 Nd6 30. Nd4 Qg5 31. Rc7 Bc8 32. Nf3 Qf6 33. Qd4 Qxd4 34. Nxd4 Ne4 35. Rc6 Nd2 36. Rxb6 Nxf1 37. Kxf1 Bd7 38. Rd6 Bb5+ 39. Nxb5 Rc8 40. Rxd5 Rc2 41. a4 Rb2 42. Nd4 1-0

[Event "Lidkoping op"]
[Site "Lidkoping"]
[Date "2019.08.24"]
[Round "2"]
[White "Dyrnes, Jussi"]
[Black "Svedberg, Hans"]
[Result "1-0"]
[WhiteElo "1779"]
[BlackElo "2008"]
[PlyCount "85"]
[EventDate "2019.08.24"]
[EventType "swiss"]
[EventRounds "7"]
[EventCountry "SWE"]
[SourceTitle "EXT 2020"]
[Source "ChessBase"]
[SourceDate "2019.10.17"]
[SourceVersion "1"]
[SourceVersionDate "2019.10.17"]
[SourceQuality "1"]

1. d4 Nf6 2. Bf4 g6 3. Nf3 Bg7 4. e3 d6 5. Bd3 c5 6. Nbd2 cxd4 7. exd4 Nd5 8. Bg5 h6 9. Bh4 Nc6 10. c3 Nf4 11. Bf1 0-0 12. h3 Qc7 13. Bg3 Nh5 14. Bh2 e5 15. d5 Ne7 16. c4 Nf4 17. Qb3 b5 18. Bxf4 exf4 19. Bd3 bxc4 20. Qxc4 Qxc4 21. Nxc4 Ba6 22. Rd1 Bxc4 23. Bxc4 Bxb2 24. Ke2 a5 25. Rb1 Rab8 26. Bb3 Ba3 27. Rhd1 Nf5 28. Ba4 Bc5 29. Nd2 Rb4 30. Rxb4 axb4 31. Ne4 Ra8 32. Bb3 Nd4+ 33. Kd3 Nxb3 34. axb3 Ra2 35. Nxc5 dxc5 36. Kc4 Rc2+ 37. Kb5 Kf8 38. Re1 Rc3 39. d6 Kg7 40. d7 Rd3 41. Kc6 c4 42. bxc4 b3 43. Kc7 1-0

[Event "Konnerud NGP A"]
[Site "Konnerud"]
[Date "2018.12.02"]
[Round "5"]
[White "Dyrnes, Jussi"]
[Black "Ziegler, Lars"]
[Result "1-0"]
[WhiteElo "1737"]
[BlackElo "1687"]
[PlyCount "129"]
[EventDate "2018.12.01"]
[EventType "swiss"]
[EventRounds "5"]
[EventCountry "NOR"]
[SourceTitle "EXT 2024"]
[Source "ChessBase"]
[SourceDate "2023.10.10"]
[SourceVersion "1"]
[SourceVersionDate "2023.10.10"]
[SourceQuality "1"]

1. d4 Nf6 2. Bf4 e6 3. e3 c5 4. Nd2 cxd4 5. exd4 Be7 6. Bd3 b6 7. Ngf3 Bb7 8. Nc4 Bxf3 9. Qxf3 d5 10. Ne5 0-0 11. Qh3 g6 12. Bh6 Re8 13. Qf3 a6 14. h4 Nbd7 15. h5 Nxe5 16. dxe5 Ne4 17. hxg6 fxg6 18. 0-0-0 Bg5+ 19. Kb1 Bxh6 20. Bxe4 dxe4 21. Qh3 Qg5 22. Qxh6 Qxh6 23. Rxh6 Rf8 24. Rh4 Rxf2 25. Rxe4 Rxg2 26. c4 Rf8 27. a3 Rff2 28. b4 Rb2+ 29. Ka1 Ra2+ 30. Kb1 g5 31. c5 bxc5 32. bxc5 Rac2 33. Rg1 Rb2+ 34. Kc1 Rgc2+ 35. Kd1 h6 36. Rb4 Rd2+ 37. Ke1 Re2+ 38. Kd1 Rxb4 39. axb4 Rxe5 40. Kd2 Re4 41. Kc3 Kf7 42. c6 Ke7 43. Rd1 Rf4 44. Rd7+ Ke8 45. Ra7 Kd8 46. Rxa6 g4 47. b5 g3 48. b6 g2 49. Ra8+ Ke7 50. Rg8 Rf8 51. Rxg2 Kd6 52. c7 Kc6 53. Rb2 Kb7 54. Kd4 Rf5 55. Rc2 Rf8 56. Kc5 h5 57. Kd6 h4 58. Ke7 Rc8 59. Kd6 h3 60. Kxe6 Kxb6 61. Kd7 h2 62. Rb2+ Ka7 63. Rxh2 Rg8 64. c8Q Rg7+ 65. Ke6 1-0

[Event "Konnerud NGP A"]
[Site "Konnerud"]
[Date "2018.12.02"]
[Round "4"]
[White "Sidali, Elias Hulleberg"]
[Black "Dyrnes, Jussi"]
[Result "1-0"]
[WhiteElo "1788"]
[BlackElo "1737"]
[PlyCount "97"]
[EventDate "2018.12.01"]
[EventType "swiss"]
[EventRounds "5"]
[EventCountry "NOR"]
[SourceTitle "EXT 2024"]
[Source "ChessBase"]
[SourceDate "2023.10.10"]
[SourceVersion "1"]
[SourceVersionDate "2023.10.10"]
[SourceQuality "1"]

1. e4 d6 2. d4 g6 3. Nc3 Bg7 4. Nf3 Nd7 5. Be3 a6 6. a4 b6 7. Qd2 h6 8. Bd3 Bb7 9. h3 e6 10. g4 Ne7 11. Rg1 c5 12. Be2 d5 13. exd5 Bxd5 14. a5 c4 15. Nxd5 exd5 16. Bf4 Kf8 17. Qb4 Kg8 18. axb6 Nxb6 19. Ne5 f6 20. Nf3 Kh7 21. Kf1 Re8 22. b3 Nec8 23. bxc4 Re4 24. Be3 dxc4 25. Bxc4 Nxc4 26. Qxc4 Nd6 27. Qd3 a5 28. h4 a4 29. h5 f5 30. hxg6+ Kh8 31. gxf5 Qb6 32. Ke2 Qd8 33. Ne5 Qh4 34. Rh1 Qe7 35. f3 Rxe3+ 36. Qxe3 Nxf5 37. Nf7+ Kg8 38. Qxe7 Nxe7 39. Nxh6+ Kf8 40. c3 Nxg6 41. Nf5 Bf6 42. Kd1 Kf7 43. Nd6+ Ke6 44. Ne4 Be7 45. Rh6 Kf5 46. Rh7 a3 47. Kc2 Bf8 48. Rf7+ Ke6 49. Rf6+ 1-0

[Event "Konnerud NGP A"]
[Site "Konnerud"]
[Date "2018.12.01"]
[Round "2"]
[White "Gonzalez, Francisco Silva"]
[Black "Dyrnes, Jussi"]
[Result "1-0"]
[WhiteElo "2131"]
[BlackElo "1737"]
[PlyCount "95"]
[EventDate "2018.12.01"]
[EventType "swiss"]
[EventRounds "5"]
[EventCountry "NOR"]
[SourceTitle "EXT 2024"]
[Source "ChessBase"]
[SourceDate "2023.10.10"]
[SourceVersion "1"]
[SourceVersionDate "2023.10.10"]
[SourceQuality "1"]

1. d4 d5 2. c4 e5 3. dxe5 d4 4. Nf3 Nc6 5. a3 f6 6. exf6 Qxf6 7. Qa4 Bd7 8. Bg5 Qg6 9. Qb3 Bd6 10. g3 h6 11. Bc1 Nge7 12. Bg2 Na5 13. Qa2 c5 14. 0-0 Be6 15. Nbd2 0-0 16. b3 Nf5 17. Ne4 Be7 18. Ne5 Qh7 19. Bd2 Nc6 20. Nd3 b6 21. Nexc5 bxc5 22. Bxc6 Rad8 23. Nf4 Bf7 24. b4 Bf6 25. Rac1 d3 26. e3 Ne7 27. Bh1 Be5 28. Ng2 Bh5 29. f4 Bf6 30. b5 Be2 31. a4 Bxf1 32. Rxf1 Qg6 33. a5 h5 34. Qa3 Rc8 35. Ne1 Rfd8 36. f5 Qg5 37. Be4 h4 38. Kg2 hxg3 39. hxg3 Be5 40. Rf3 Bb8 41. Kf2 Rd6 42. Ng2 Rh6 43. Qxd3 Rf8 44. Bd5+ Kh8 45. e4 Qh5 46. Be6 Rxe6 47. fxe6 Bxg3+ 48. Kxg3 1-0

[Event "Konnerud GP B"]
[Site "Konnerud"]
[Date "2015.11.21"]
[Round "2"]
[White "Dyrnes, Jussi"]
[Black "Bo, Bjorn Magnus"]
[Result "1-0"]
[WhiteElo "1779"]
[BlackElo "1383"]
[PlyCount "73"]
[EventDate "2015.11.21"]
[EventType "swiss"]
[EventRounds "5"]
[EventCountry "NOR"]
[SourceTitle "EXT 2024"]
[Source "ChessBase"]
[SourceDate "2023.10.10"]
[SourceVersion "1"]
[SourceVersionDate "2023.10.10"]
[SourceQuality "1"]

1. d4 d5 2. Nc3 Nf6 3. Bg5 Bf5 4. e3 e6 5. Bd3 h6 6. Bf4 Bxd3 7. cxd3 c5 8. Nge2 Nc6 9. Qa4 Qd7 10. 0-0 cxd4 11. Nb5 e5 12. Bg3 dxe3 13. fxe3 a6 14. Rac1 Bd6 15. Nxd6+ Qxd6 16. d4 Qb4 17. Qxb4 Nxb4 18. Bxe5 Ng4 19. Rc7 f6 20. Bd6 Nc6 21. Rxg7 Rd8 22. Bc5 b6 23. Bxb6 Rb8 24. Rxg4 Rxb6 25. Rxf6 Rxb2 26. Kf2 Nb4 27. Kf3 Rxa2 28. Nf4 Ke7 29. Re6+ Kf7 30. Rgg6 Rc8 31. Rxh6 a5 32. Rb6 Nc2 33. Rb7+ Kg8 34. Rg6+ Kh8 35. Rgg7 Ne1+ 36. Kg3 Rg8 37. Ng6# 1-0

[Event "Nordstrand CC-ch"]
[Site "Oslo"]
[Date "2015.04.09"]
[Round "9"]
[White "Dyrnes, Jussi"]
[Black "Tryggestad, Andreas Garberg"]
[Result "0-1"]
[WhiteElo "1823"]
[BlackElo "2069"]
[PlyCount "106"]
[EventDate "2014.12.01"]
[EventType "tourn"]
[EventRounds "11"]
[EventCountry "NOR"]
[SourceTitle "EXT 2018"]
[Source "ChessBase"]
[SourceDate "2017.10.13"]
[SourceVersion "1"]
[SourceVersionDate "2017.10.13"]
[SourceQuality "1"]

1. e4 c5 2. Bc4 e6 3. Nf3 Nc6 4. 0-0 Be7 5. c3 d5 6. exd5 exd5 7. Bb5 Nf6 8. d4 Qb6 9. Qe2 Bg4 10. Be3 0-0 11. Bxc6 bxc6 12. dxc5 Bxc5 13. Bxc5 Qxc5 14. Nbd2 Rfe8 15. Qd3 Ne4 16. Nd4 Qb6 17. b4 c5 18. bxc5 Qxc5 19. Rac1 Nxd2 20. Qxd2 Qc4 21. h4 h6 22. Rfe1 Rac8 23. Re3 Bd7 24. Rg3 Re4 25. Qxh6 Bg4 26. Qg5 Rxd4 27. f3 f6 28. Qg6 Qd3 29. Rxg4 Qxg6 30. Rxg6 Rxh4 31. Kf2 Ra4 32. Rc2 d4 33. c4 Rcxc4 34. Rd2 d3 35. Ke3 Rc2 36. Rxd3 Raxa2 37. Rg4 Re2+ 38. Kf4 Rxg2 39. Rd8+ Kh7 40. Rh4+ Kg6 41. Rd4 Ra5 42. Rh1 Rf5+ 43. Ke3 a5 44. Ra1 Rg3 45. Rf1 Rgg5 46. Ra4 Rb5 47. Rfa1 Rb3+ 48. Kf2 Rf5 49. f4 Rb4 50. Ke3 Rfxf4 51. Rxa5 Rg4 52. Rf1 Rb3+ 53. Ke2 Rg2+ 0-1

[Event "Politiken Cup 36th"]
[Site "Helsingor"]
[Date "2014.07.26"]
[Round "7"]
[White "Dyrnes, Jussi"]
[Black "Rogers, Timothy"]
[Result "0-1"]
[WhiteElo "1834"]
[BlackElo "2011"]
[PlyCount "126"]
[EventDate "2014.07.21"]
[EventType "swiss"]
[EventRounds "10"]
[EventCountry "DEN"]
[SourceTitle "CBM 161 Extra"]
[Source "ChessBase"]
[SourceDate "2014.08.29"]
[SourceVersion "1"]
[SourceVersionDate "2014.08.29"]
[SourceQuality "1"]

1. e4 c6 2. Nf3 d5 3. exd5 cxd5 4. Bb5+ Bd7 5. Be2 Nc6 6. d4 Qc7 7. 0-0 Nf6 8. b3 Bg4 9. Ba3 e6 10. Bxf8 Kxf8 11. Nbd2 g6 12. h3 Bxf3 13. Nxf3 Ne4 14. Qc1 Nc3 15. Qh6+ Kg8 16. Bd3 Nb4 17. Ne5 Nxd3 18. cxd3 f6 19. Ng4 f5 20. Ne5 Ne2+ 21. Kh1 Nxd4 22. f4 Qg7 23. Qh4 Nc6 24. Nf3 h6 25. Rac1 Re8 26. Rfe1 Qe7 27. Qg3 Kh7 28. Re2 Qf6 29. Rec2 Re7 30. Qf2 Rd8 31. a3 d4 32. b4 g5 33. b5 Na5 34. fxg5 hxg5 35. Qe1 g4 36. hxg4 fxg4 37. Qe4+ Qf5 38. Rc7 Rdd7 39. Rxd7 Rxd7 40. Qxe6 Qxe6 41. Ng5+ Kh6 42. Nxe6 Nb3 43. Nc5 Nxc5 44. Rxc5 Re7 45. Kh2 Re3 46. a4 Rxd3 47. Rd5 Kg6 48. b6 axb6 49. Rb5 Ra3 50. Rb4 g3+ 51. Kh3 d3 52. Rd4 Kf5 53. Kxg3 Ke5 54. Rd7 Ke4 55. Kf2 Ra2+ 56. Ke1 Rxa4 57. g4 Ke3 58. Re7+ Re4 59. Rxb7 Rxg4 60. Re7+ Kd4 61. Rd7+ Kc3 62. Rc7+ Rc4 63. Rb7 Kc2 0-1

[Event "Politiken Cup 36th"]
[Site "Helsingor"]
[Date "2014.07.22"]
[Round "3"]
[White "Dyrnes, Jussi"]
[Black "Merkesvik, Sondre"]
[Result "0-1"]
[WhiteElo "1834"]
[BlackElo "2057"]
[PlyCount "172"]
[EventDate "2014.07.21"]
[EventType "swiss"]
[EventRounds "10"]
[EventCountry "DEN"]
[SourceTitle "CBM 161 Extra"]
[Source "ChessBase"]
[SourceDate "2014.08.29"]
[SourceVersion "1"]
[SourceVersionDate "2014.08.29"]
[SourceQuality "1"]

1. d4 Nf6 2. Nc3 d5 3. Bg5 Nbd7 4. f3 c5 5. e3 g6 6. Bb5 cxd4 7. Bxf6 exf6 8. Qxd4 Bg7 9. 0-0-0 0-0 10. Qxd5 Qe7 11. Qe4 Ne5 12. Nge2 f5 13. Nd5 Qc5 14. Qb4 Qxb4 15. Nxb4 a6 16. Bd3 Be6 17. e4 Nxd3+ 18. cxd3 a5 19. Nd5 Bxd5 20. exd5 Rfd8 21. Nc3 Rac8 22. Kd2 Bh6+ 23. Ke2 b5 24. Rhe1 b4 25. Na4 Rxd5 26. Kf1 Rcd8 27. Ke2 Kg7 28. Nb6 Rd4 29. Nc4 R8d5 30. b3 Rh4 31. h3 Rhd4 32. Nb6 Rd8 33. Nc4 R8d5 34. Nb6 Rb5 35. Nc4 Bg5 36. g3 h5 37. f4 Bf6 38. Ne3 h4 39. Kf3 hxg3 40. Kxg3 Rb8 41. Rh1 Rbd8 42. Kf3 Rxd3 43. Rxd3 Rxd3 44. Ke2 Rc3 45. Rg1 Kf8 46. Nd5 Rc6 47. Rd1 Bc3 48. Rd3 f6 49. Re3 Rc5 50. Rd3 Kf7 51. Nb6 Rc6 52. Rd7+ Ke6 53. Rb7 g5 54. Nc4 a4 55. Rg7 Rc8 56. fxg5 fxg5 57. Rxg5 Rxc4 58. bxc4 b3 59. axb3 a3 60. Rg6+ Bf6 61. Rg8 a2 62. Re8+ Kd6 63. Ra8 a1Q 64. Rxa1 Bxa1 65. h4 Bd4 66. Kf3 Ke5 67. h5 Kf6 68. b4 Kg5 69. c5 Kxh5 70. c6 Bb6 71. Kf4 Kg6 72. Ke5 Bc7+ 73. Ke6 f4 74. Kd7 Bb6 75. c7 Bxc7 76. Kxc7 f3 77. b5 f2 78. b6 f1Q 79. b7 Qc4+ 80. Kb6 Qb4+ 81. Kc7 Qc5+ 82. Kd7 Qb6 83. Kc8 Qc6+ 84. Kb8 Kf6 85. Ka7 Qc7 86. Ka8 Qa5+ 0-1

[Event "Marianske Lazne op 12th"]
[Site "Marianske Lazne"]
[Date "2013.01.22"]
[Round "5"]
[White "Jensen, Leif Haugaard"]
[Black "Dyrnes, Jussi"]
[Result "1-0"]
[WhiteElo "2019"]
[BlackElo "1827"]
[PlyCount "45"]
[EventDate "2013.01.19"]
[EventType "swiss"]
[EventRounds "9"]
[EventCountry "CZE"]
[SourceTitle "CBM 152 Extra"]
[Source "ChessBase"]
[SourceDate "2013.02.25"]
[SourceVersion "1"]
[SourceVersionDate "2013.02.25"]
[SourceQuality "1"]

1. e4 Nf6 2. Nc3 e5 3. f4 Nc6 4. Nf3 d5 5. fxe5 Nxe4 6. Bb5 Bc5 7. Qe2 Bf2+ 8. Kf1 Nxc3 9. Bxc6+ bxc6 10. Qxf2 Ne4 11. Qe3 Bg4 12. d3 Bxf3 13. gxf3 0-0 14. dxe4 dxe4 15. Qxe4 Qd7 16. Be3 Qh3+ 17. Kf2 f5 18. Qf4 h6 19. Rag1 g5 20. Qg3 Qh5 21. Bxg5 hxg5 22. Qxg5+ Qxg5 23. Rxg5+ 1-0

[Event "NOR-chT Clubs"]
[Site "Fagernes"]
[Date "2011.10.14"]
[Round "2"]
[White "Dyrnes, Jussi"]
[Black "Johansen, Paul Ivar"]
[Result "1-0"]
[WhiteElo "1646"]
[BlackElo "774"]
[PlyCount "47"]
[EventDate "2011.10.14"]
[EventType "team-tourn"]
[EventRounds "6"]
[EventCountry "NOR"]
[SourceTitle "CBM 144 Extra"]
[Source "ChessBase"]
[SourceDate "2011.10.28"]
[SourceVersion "1"]
[SourceVersionDate "2011.10.28"]
[SourceQuality "1"]

1. e4 c6 2. Nf3 d5 3. Nc3 dxe4 4. Nxe4 Bf5 5. Ng3 Bg6 6. h4 h6 7. Ne5 Bh7 8. Qh5 g6 9. Bc4 e6 10. Qe2 Bc5 11. Nxf7 Qf6 12. Qxe6+ Be7 13. Qxf6 Bxf6 14. Nxh8 Bxh8 15. Bd3 Ne7 16. h5 Bg7 17. hxg6 Bxg6 18. Bxg6+ Nxg6 19. Nf5 Be5 20. d4 Bc7 21. Rxh6 Nf8 22. Bg5 Nbd7 23. 0-0-0 Bd8 24. Nd6# 1-0